000 00548nam a2200205 a 4500
001 ASIN8171338283
003 OSt
005 20150408114142.0
008 131001s2005 xxu eng d
020 _a8171338283 (paperback)
020 _a9788171338283 (paperback)
040 _aMa-Un
082 _222
_a539.7
100 1 _aSrivastava, B.B.
_937540
245 1 0 _aNuclear physics /
_cB.B. Srivastava.
260 _aNew Delhi :
_bRastogi Publications,
_c2005.
300 _a500 p.
_c24 cm
650 _aNuclear physics
942 _2ddc
_cBOOK
999 _c31089
_d265589